Mother Goose Headline News Quiz Stats

 Plays Quiz Updated Feb 15, 2019

     
Support Sporcle.
Go Orange.
Score 0/23 Timer 10:00
0 Plays Today
Mother Goose Headline News Nursery Rhyme % Correct
COUPLE INJURED IN QUEST FOR WATER
Inexplicably went uphill
Jack & Jill
96.1%
DETERMINED DRAINPIPE SCALER TO TRY AGAIN
Downpour postponed first attempt
Itsy Bitsy Spider
78.5%
ROYAL SERVANTS UNABLE TO SAVE JUMPER
'We just couldn't put him back together'
Humpty Dumpty
73.5%
RURAL HOUSEWIFE FENDS OFF ATTACK BY TRIO
'They were vermin, I tell you!'
Three Blind Mice
63.2%
Sudden Spider Appearance Terrifies Cottage Cheese Eater
Little Miss Muffet
62.3%
BAKERY PROMISES FASTEST CAKES
Will personalize with your initial
Pat-A-Cake
59.3%
LIVESTOCK VISIT DISRUPTS LOCAL SCHOOLYARD
Student claims her sheep followed her
Mary Had A Little Lamb
58.6%
Mouse Frightened at One O'clock, Runs Away
Hickory Dickory Dock
56.7%
SHEPHERDESS LOSES FLOCK
'Leave them alone' cry experts
Little Bo-Peep
53%
Empty Larder Disappoints Woman's Dog
Old Mother Hubbard
50.6%
GUERNSEY OVERSHOOTS LUNAR LANDING
Dog: 'That's hilarious!'
Hey Diddle Diddle
48.9%
ARBOREAL CHILD-CARE FOUND DEFICIENT
Mild wind could cause tragedy
Rock A Bye Baby
48.1%
Mother Goose Headline News Nursery Rhyme % Correct
RURAL BUGLE-BLOWER OVERSLEEPS
Misses his chance to play the blues
Little Boy Blue
48%
Married Couple have Mutually Beneficial
Dietary Requirements
Jack Sprat
45.7%
VEGETARIAN KEEPS SPOUSE IN SHELL OF GOURD
Accommodations very comfortable, says wife
Peter Peter Pumpkin Eater
34.7%
YOUNGSTERS LOSE, RECOVER WINTER APPAREL
Dessert plans are back on, says mom.
Three Little Kittens
28%
NIGHTGOWN-CLAD RUNNER UPSETS TOWNSFOLK
Spotted banging on children's bedroom windows
Wee Willie Winkie
24.3%
Fiddling trio provide entertainment at Royal Performance
Old King Cole
22.3%
THIEF REPENTS: Returns Stolen Tarts made by Sovereign
The Queen Of Hearts
20%
King Finds 24 Birds Living in his DessertSing A Song of Sixpence
19.5%
Musician's Son Accused in Swine TheftTom Tom The Piper's Son
14.1%
Young man, married earlier this week,
dies after sudden illness. Burial this Sunday
Solomon Grundy
13.3%
ELDERLY ATHEIST THROWN DOWN STAIRS
Police seek grey male goose
Goosey Goosey Gander
11.2%

From the Vault

8-Letter Word Scramble II

by razorz

If the quiz doesn't go well for you, have some protein for your brain and try again.
Remove Ads.
Support Sporcle.
Get the best of Sporcle when you Go Orange. This ad-free experience offers more features, more stats, and more fun while also helping to support Sporcle. Thank you for becoming a member.

Show Comments

Extras

Top Quizzes Today


Score Distribution

Your Account Isn't Verified!

In order to create a playlist on Sporcle, you need to verify the email address you used during registration. Go to your Sporcle Settings to finish the process.

Report this User

Report this user for behavior that violates our Community Guidelines.

Details: